| 000 | 00713nam a22002057a 4500 | ||
|---|---|---|---|
| 003 | OSt | ||
| 005 | 20140310181931.0 | ||
| 008 | 130722t xxu||||| |||| 00| 0 eng d | ||
| 050 |
_aQA 135.6 _b.Ad237 1971 |
||
| 082 |
_aTRM 372.7 _bAd6 1971 |
||
| 100 |
_aAdler, Irving _92742 |
||
| 245 |
_aMathematics-grade 3, mastering, arabic numerals : _b a workbook with self-teaching text and learning exercises / _cby Irving Adler; illustrated by Dick Martin. |
||
| 300 |
_a112 p. : _bill. some col. ; _c29 cm. |
||
| 521 | _aFaculty | ||
| 541 | _j1 | ||
| 562 | _e1 | ||
| 650 |
_aMathematics _xStudy and teaching (Primary). _92743 |
||
| 650 |
_aMathematical readiness (Primary). _92744 |
||
| 942 |
_2lcc _cBK-TR _kTR |
||
| 999 |
_c7370 _d7370 |
||